| 000 | 00745nam a2200253Ia 4500 | ||
|---|---|---|---|
| 003 | OSt | ||
| 005 | 20220926015440.0 | ||
| 006 | a|||||r|||| 00| 0 | ||
| 007 | ta | ||
| 008 | 220923b |||||||| |||| 00| 0 eng d | ||
| 020 | _a033396344X | ||
| 037 | _cGeneral Book | ||
| 040 |
_aRTL _cRTL _beng |
||
| 041 |
_2eng _aeng |
||
| 082 | _aY73(Q5):4351.55.N45<--N39, P4 | ||
| 100 |
_aHochstadt Steve Ed. _9322320 |
||
| 245 | 0 | _aSources of the holocaust | |
| 260 |
_aNew York _bPalgrave Macmillan _c2004 |
||
| 300 |
_axv,319p _ccm. |
||
| 500 | _aBibliography: P 300-11 | ||
| 650 |
_aEthnology Jews _9322321 |
||
| 942 |
_hY73(Q5):4351.55.N45<--N39, P4 _cGB _2CC |
||
| 999 |
_c631570 _d631570 |
||